• 首页
  • 本馆介绍
  • 公告通知
  • 最新文献
  • 馆藏检索
  • 电子资源
  • 读者导购
  • 参考咨询
  • 我的图书馆
  • 登录
  • 详细信息显示
  • 放入我的书架
  • 预约/预借图书
  • 作者相关作品
  • 分类相关作品
  • 丛书相关作品
  • 出版社相关作品

书目信息

  • 表格格式
  • 工作单格式
  • 卡片格式
题名:
影视小品语言艺术研究
    
 
作者: 吉照远 著
分册:  
出版信息: 北京   光明日报出版社  2016
页数: 227页
开本: 24cm
丛书名:
单 册:
中图分类: J827
科图分类:
主题词: 小品--语言艺术--研究
电子资源:
ISBN: 978-7-5194-1465-8
000 00826nam0 2200229 45
001 012001002888
005 20140926114740.0
010    @a978-7-5194-1465-8@dCNY38.00
100    @a20170802d2016 em y0chiy50 ea
101 0  @achi
102    @aCN@b110000
105    @ay z 000yy
106    @ar
200 1  @a影视小品语言艺术研究@9ying shi xiao pin yu yan yi shu yan jiu@f吉照远著
210    @a北京@c光明日报出版社@d2016
215    @a227页@d24cm
330    @a本书通过考察一些在小品界出名的大家的代表作品,详细分析了小品的语言表达手段,概括出小品语言风格的各种特点,并初步探讨了语言风格的成因。试从语言、语汇、语法三个方面来分析影视小品的语言艺术。
606 0  @a小品@x语言艺术@x研究
690    @aJ827@v5
701  0 @a吉照远@9ji zhao yuan@f(1973-)@4著
801  0 @aCN@b上海新华@c20180901
905    @b1158762-6@dJ827@e200@f5
    
    影视小品语言艺术研究/吉照远著.-北京:光明日报出版社,2016
    227页;24cm
    
    
    ISBN 978-7-5194-1465-8:CNY38.00
    本书通过考察一些在小品界出名的大家的代表作品,详细分析了小品的语言表达手段,概括出小品语言风格的各种特点,并初步探讨了语言风格的成因。试从语言、语汇、语法三个方面来分析影视小品的语言艺术。
●
相关链接 在E读中查询图书 在五车中查询图书 在当当中查询图书 在豆瓣中查询图书


正题名:影视小品语言艺术研究     索取号:J827/200         预约/预借

序号 登录号 条形码 馆藏地/架位号 状态 备注
1 1158762   211587629   第一样本阅览室/ [索取号:J827/200] 在馆    
2 1158763   211587638   第一借阅区/ [索取号:J827/200] 在馆    
3 1158764   211587647   第一借阅区/ [索取号:J827/200] 在馆    
4 1158765   211587656   第一借阅区/ [索取号:J827/200] 在馆    
5 1158766   211587665   第一借阅区/ [索取号:J827/200] 在馆    
唐山师范学院图书馆 欢迎您!
大连网信软件有限公司© 版权所有